|
|
|
|
| LEADER |
00000nab a2200000 ar4500 |
| 001 |
vtls010485544 |
| 003 |
SK-MaSNL |
| 005 |
20260305021509.0 |
| 008 |
250708c2012 xo ||||||||||||00 b|slo |
| 015 |
|
|
|a SNBRB2013/01
|2 snkbucl
|
| 035 |
|
|
|a (uuid)a099514b-af27-4ec0-b260-5e5b6554d803
|
| 035 |
|
|
|a urn:nbn:sk:snk-abevlv
|
| 035 |
|
|
|a (urnnbn)urn:nbn:sk:snk:ar-00335d
|
| 038 |
|
|
|a SNKBUCL
|
| 040 |
|
|
|a SNKBUCL
|b slo
|c SNKBUCL
|e AACR2
|
| 041 |
0 |
|
|a slo
|
| 044 |
|
|
|a xo
|c SK
|
| 080 |
|
|
|a 943.76-051
|x "18/19"
|x (048)
|2 2001
|
| 080 |
|
|
|a 32-051
|2 2001
|
| 080 |
|
|
|a 52-051
|2 2001
|
| 080 |
|
|
|a 930.253
|x (450)
|2 2001
|
| 100 |
1 |
|
|a Apfel, Viliam,
|d 1940-2024
|4 aut
|9 93648
|
| 245 |
1 |
0 |
|a Miroslav Musil, Antonello Biagini: Milan Rastislav Štefánik vo svetle talianskych archívov
|c Viliam Apfel
|
| 600 |
1 |
7 |
|a Štefánik, Milan Rastislav,
|d 1880-1919
|2 snkbucl
|9 86219
|
| 648 |
|
7 |
|a 4.5.1919
|2 snkbucl
|9 1597875
|
| 650 |
0 |
7 |
|a archívy
|2 snkbucl
|9 26146
|
| 650 |
0 |
7 |
|a dokumenty
|2 snkbucl
|9 21311
|
| 651 |
|
7 |
|a Taliansko
|2 snkbucl
|9 21019
|
| 655 |
|
7 |
|a recenzie
|2 snkbucl
|9 21907
|
| 773 |
0 |
|
|t Slovenské pohľady
|g Roč. IV.+128., č. 12 (2012), s. 128-129
|x 1335-7786
|
| 787 |
0 |
8 |
|i Rec.:
|a Musil, Miroslav
|t Milan Rastislav Štefánik vo svetle talianskych archívov
|d [Bratislava] : Nadácia pre záchranu kultúrneho dedičstva, 2011
|z 9788096891030
|
| 787 |
0 |
8 |
|i Rec.:
|a Biagini, Antonello
|t Milan Rastislav Štefánik vo svetle talianskych archívov
|d [Bratislava] : Nadácia pre záchranu kultúrneho dedičstva, 2011
|z 9788096891030
|
| 850 |
|
|
|a Slovenská národná knižnica
|
| 852 |
|
|
|a Slovenská národná knižnica
|
| 958 |
|
|
|a article27
|
| 958 |
|
|
|a RC
|
| 958 |
|
|
|a SK
|
| 958 |
|
|
|a IT
|
| 958 |
|
|
|a OND
|
| 958 |
|
|
|a EUIPO
|
| 999 |
|
|
|c 3286413
|d 3288343
|